G16-丹锡高速公路途径行政区 - Statistics

General Stats
  • This quiz has been taken 15 times
    13 since last reset
  • The average score is 7 of 8
Answer Stats
Answer % Correct
丹东
100%
鞍山
100%
营口
90%
盘锦
90%
锦州
90%
赤峰
90%
锡林郭勒盟
90%
朝阳
80%
No matching quizzes found
Score Distribution
Percent of People with Each Score
Percentile by Number Answered
Your Score History
You have not taken this quiz since the last reset